[Event "XLIV Sevilla Open 2019"]
[Site "Sevilla"]
[Date "2019.01.13"]
[Round "3"]
[White "Ertan, Can"]
[Black "Cholleti Sahajasri"]
[Result "1-0"]
[WhiteElo "2421"]
[BlackElo "2122"]
[Annotator "TA"]
[PlyCount "61"]
[EventDate "2019.01.11"]
[EventType "swiss"]
[EventCountry "ESP"]
[SourceTitle "playchess.com"]
[Source "ChessBase"]
[SourceQuality "1"]

{[%evp 24,61,7,-8,-17,-28,0,-34,-22,-24,-22,-29,0,0,0,0,0,-2,42,17,69,59,115,128,208,172,194,133,200,195,415,215,300,317,595,591,776,760,733,723]} 1. e4 c5 2. Nf3 d6 3. d4 cxd4 4. Nxd4 Nf6 5. Nc3 a6 6. h3 e6 7. g4 Be7 8. Bg2 Nfd7 {B81: Sicilian Scheveningen: Keres Attack} 9. Be3 Nc6 10. Qe2 (10. h4 O-O 11. g5 Nde5 12. Qe2 Nxd4 13. Bxd4 Nc6 14. Be3 Bd7 15. f4 {½-½ (30) Dominguez Perez,L (2739)-Grischuk,A (2766) Saint Louis 2018}) 10... Nxd4 11. Bxd4 O-O 12. O-O-O b5 13. e5 {LiveBook: 26 Games} d5 $1 14. Qe3 b4 15. Na4 $146 ({Predecessor:} 15. Ne2) 15... Rb8 16. f4 {[%cal Bf2f4,Bf4f5][%mdl 32]} a5 17. Bf1 Bb7 18. Bb5 Ba8 19. Bxd7 $1 Qxd7 20. Nb6 $36 {[%mdl 2048] White is more active.} Qc6 21. f5 {Hoping for f6.} Rfd8 ({Black should try} 21... Kh8 $11) 22. h4 $14 {[%cal Bh3h4,Bh4h5][%mdl 32]} Bf8 (22... a4 $14) 23. h5 $16 Re8 (23... Rb7 $16) 24. f6 $1 $18 gxf6 {[#]} 25. Rdf1 (25. g5 $1 $18 {[%cal Rg5f6]} f5 {[#]} 26. g6 $1 {[%mdl 512]}) 25... Rb7 (25... Rxb6 $16 26. Bxb6 d4 27. Bxd4 Rd8) 26. Rxf6 a4 $2 (26... Rc7 {was necessary.} 27. Rh2 Kh8) 27. Rhf1 (27. h6 $142) 27... b3 28. axb3 a3 $2 (28... axb3 29. c3 (29. Qxb3 Bg7 $14) 29... Qc7) 29. bxa3 {White is clearly winning.} Bxa3+ 30. Kb1 {White wants to mate with Qg5+.} Rc7 31. R1f2 {Precision: White = 69%, Black = 14%.} 1-0

[Event "XLIV Sevilla Open 2019"]
[Site "Sevilla"]
[Date "2019.01.13"]
[Round "3"]
[White "Diaz Castro, Sergio"]
[Black "Fedorchuk, Sergey A."]
[Result "1-0"]
[WhiteElo "2252"]
[BlackElo "2606"]
[Annotator "TA"]
[PlyCount "85"]
[EventDate "2019.01.11"]
[EventType "swiss"]
[EventCountry "ESP"]
[SourceTitle "playchess.com"]
[Source "ChessBase"]
[SourceQuality "1"]

{[%evp 12,85,26,10,23,21,27,20,15,20,25,-2,10,6,15,12,5,2,25,18,18,19,29,0,29,25,43,44,60,24,91,89,161,172,164,170,141,146,402,414,413,396,410,397,428,416,540,557,543,552,568,566,943,474,567,564,560,552,528,486,567,556,587,526,29969,29970,29967,29968,29978,29979,29979,29979,29978,29979,29982,29982]} 1. e4 c5 2. c3 d6 3. d4 Nf6 4. Bd3 g6 5. dxc5 dxc5 6. e5 Nh5 {B07: Pirc Defence: Miscellaneous Systems} 7. f4 {LiveBook: 3 Games} (7. h3 Nc6 8. Nf3 Ng7 9. Qe2 Ne6 10. O-O Bg7 11. Re1 Qc7 12. a4 b6 13. Na3 Bb7 14. Be4 {½-½ (90) Howell,D (2676)-Mamedov,R (2709) Riadh 2017}) 7... Nc6 8. Nf3 $146 ({Predecessor:} 8. Qe2 Bh6 9. g3 Bg4 10. Nf3 O-O 11. O-O f6 12. Bc4+ e6 13. exf6 Qxf6 14. Nbd2 {½-½ (23) Gerigk,E (2335)-Reeh,O (2442) Germany 2010}) 8... Bh6 {The position is equal.} 9. g3 Bh3 10. Na3 Qd7 {Strongly threatening ...Rd8.} 11. Be2 Qxd1+ 12. Bxd1 O-O-O 13. Kf2 f6 14. exf6 exf6 15. Be3 Bf8 16. Re1 Ng7 17. Ba4 Bd7 18. Kg2 a6 19. Nc4 Kc7 20. Bc2 Be7 {[#]} (20... b6 $11 {keeps the balance.}) 21. f5 $1 $36 {[%mdl 2048] White is really pushing.} b5 (21... g5 $16 {might work better.}) 22. Bf4+ $18 ({Not} 22. fxg6 bxc4 23. Bf4+ Kb6 $15) 22... Kb7 {[#]} 23. Na5+ $1 {[%mdl 576] Deflection} Nxa5 24. Rxe7 Nxf5 $2 {[%mdl 8192]} (24... Nh5 $16 {keeps fighting.}) 25. Bxf5 gxf5 26. Rd1 Kc8 {Black hopes to continue with ...Nc6.} 27. Rd6 Nc4 28. Rxa6 {And now Ra7 would win.} Rhe8 29. Ra7 Ne5 {[#]} 30. Bxe5 $1 {[%mdl 512]} fxe5 {[#]} 31. Raxd7 $1 {[%mdl 512]} e4 (31... Rxd7 32. Rxe8+) 32. Nh4 {aiming for Rc7+.} Rxe7 33. Rxe7 {[%mdl 4096] Endgame KRN-KR} Rd2+ 34. Kh3 Rxb2 35. Re5 c4 36. Nxf5 Kc7 37. Nd4 Kb6 {[#]} 38. Rxb5+ $1 {White mates.} Rxb5 39. Nxb5 Kxb5 40. Kg4 Ka4 41. Kf4 Ka3 42. Kxe4 Kxa2 43. Kd4 {Accuracy: White = 70%, Black = 29%.} 1-0

[Event "XLIV Sevilla Open 2019"]
[Site "Sevilla"]
[Date "2019.01.13"]
[Round "3"]
[White "Calzetta Ruiz, Monica"]
[Black "Ibarra Jerez, Jose Carlos"]
[Result "1/2-1/2"]
[WhiteElo "2245"]
[BlackElo "2558"]
[Annotator "TA"]
[PlyCount "83"]
[EventDate "2019.01.11"]
[EventType "swiss"]
[EventCountry "ESP"]
[SourceTitle "playchess.com"]
[Source "ChessBase"]
[SourceQuality "1"]

{[%evp 19,83,42,39,26,33,13,20,0,0,9,29,22,35,26,24,28,35,16,22,0,47,11,63,-27,-25,-20,-23,-73,-77,-85,-89,-82,-82,-111,-64,-72,-62,-73,-60,-86,117,98,102,95,246,138,269,0,0,0,0,-8,292,291,278,295,287,252,264,0,232,0,262,0,257,0]} 1. e4 e6 2. d4 d5 3. Nd2 Be7 4. e5 c5 5. c3 Nc6 6. Bd3 {C03: French Tarrasch: Unusual Black 3rd moves} cxd4 (6... Qb6 7. Ndf3 f6 8. Ne2 fxe5 9. Nxe5 Nxe5 10. dxe5 Bd7 11. O-O Qc7 12. c4 Qxe5 13. Bf4 Qh5 {1-0 (59) Kovalev,V (2598)-Sjugirov,S (2673) Moscow 2017}) 7. cxd4 Qb6 8. Ne2 Bd7 9. O-O Nh6 10. Nf3 Nf5 {LiveBook: 17 Games} 11. Kh1 Rc8 (11... Ncxd4 $2 12. Nexd4 Nxd4 13. Be3 $18) 12. a3 $146 ({Predecessor:} 12. Rb1 Nb4 13. Bxf5 exf5 {1-0 (43) Erenburg,S (2550)-Cruz,C (2558) Medellin 2017}) 12... Na5 ({Wrong is} 12... Nfxd4 $2 13. Nexd4 Nxd4 14. Be3 $18) 13. b4 Nc4 14. g4 Nh6 15. h3 Ng8 16. Ng3 a5 17. bxa5 Qxa5 18. Qe2 Ba4 19. Bg5 Bf8 20. Rfc1 Ne7 (20... h6 $11 21. Bd2 (21. Bxc4 Rxc4 22. Bd2 Qa6 $11) 21... Qa6) 21. Rab1 (21. Nh5 $14) 21... b5 $11 22. Nh5 Nc6 23. Bxc4 bxc4 24. Rb7 Qa8 25. Rbb1 h6 26. Be3 Rb8 27. Kg2 Kd7 28. Nd2 Bxa3 29. Qf3 Bxc1 $2 (29... Rhf8 $17 30. Nxg7 Bxc1 31. Rxc1 Bb5) 30. Qxf7+ $16 {[%mdl 64] Double Attack} Ne7 31. Rxc1 Rhg8 $2 {[#]} (31... Rb6 $16) 32. Nxg7 ({White has to play} 32. Nf6+ $1 $18 {[%mdl 512]} gxf6 33. exf6) 32... Qc6 {[#]} (32... Rb6 $16) 33. Bxh6 $2 (33. Nh5 $1 $18 {[%cal Rh5f6]} Rbf8 34. Nf6+ Kd8 35. Qh7) 33... Rbf8 $36 {[%mdl 2048] Black is pushing.} 34. Qh5 c3 35. Nf3 {aiming for Ng5.} Qc4 $2 {[%mdl 8192] [#]} (35... c2 $1 $11 {and Black has nothing to worry.} 36. Ne1 (36. Ng5 $2 Qc3 $19) 36... Qc3 37. Nxe6 Kxe6 38. Bxf8 Rxf8 39. Qh6+ {[%mdl 64] Double Attack} Kf7) 36. Nxe6 $1 $18 {[%mdl 512]} Kxe6 37. Bxf8 Rxf8 38. Qh6+ {[%mdl 64] Double Attack} Kf7 39. Qh5+ Ke6 $1 40. Qh6+ {[%mdl 1088] Double Attack. White has strong compensation.} Kf7 41. Qh5+ Ke6 $1 {[#]} 42. Qh6+ $2 {Accuracy: White = 38%, Black = 40%.} ({White must play} 42. Rb1 $1 $18 {[%cal Rb1b7]} Qc8 43. Qh6+ Kf7 44. Rb6) 1/2-1/2

[Event "XLIV Sevilla Open 2019"]
[Site "Sevilla"]
[Date "2019.01.13"]
[Round "3"]
[White "Kul, Ivan"]
[Black "Saric, Ante"]
[Result "0-1"]
[WhiteElo "2196"]
[BlackElo "2536"]
[Annotator "TA"]
[PlyCount "100"]
[EventDate "2019.01.11"]
[EventType "swiss"]
[EventCountry "ESP"]
[SourceTitle "playchess.com"]
[Source "ChessBase"]
[SourceQuality "1"]

{[%evp 16,100,-20,-19,-24,-27,-18,-36,-38,-37,-37,-73,-68,-48,-35,-86,-89,-89,-85,-82,-77,-82,-86,-83,-87,-76,-83,-89,-87,-82,-88,-81,-76,-84,-70,-118,-118,-126,-133,-126,-121,-115,-117,-119,-114,-112,-109,-126,-125,-168,-168,-165,-170,-167,-167,-145,-119,-127,-119,-124,-119,-193,-193,-201,-204,-185,-175,-210,-207,-210,-209,-214,-220,-194,-120,-120,-112,-159,-121,-121,-122,-1545,-1545,-1592,-1532,-29989,-1287]} 1. e4 c5 2. c3 Nf6 3. e5 Nd5 4. Nf3 e6 5. d4 cxd4 6. cxd4 d6 7. Bb5+ {B22: Sicilian: 2 c3} (7. Bc4 Nc6 8. O-O Be7 9. Qe2 O-O 10. a3 Bd7 11. exd6 Bxd6 12. Nc3 Nce7 13. Ne4 Bc6 14. Ne5 Rc8 15. Rd1 Bb8 16. Ng5 Be8 17. Bd3 Nf6 18. Ngf3 Ned5 19. Bd2 a6 20. Rac1 Rxc1 21. Rxc1 Qb6 22. Nc4 Qd8 23. Nce5 Qb6 24. Nc4 Qd8 {½-½ (24) Vachier Lagrave,M (2789)-Caruana,F (2816) Leuven 2018}) 7... Bd7 8. Bxd7+ Nxd7 9. O-O {LiveBook: 5 Games. The position is equal.} dxe5 10. Nxe5 Be7 11. Nxd7 Qxd7 12. Nc3 O-O 13. Qf3 $146 ({Predecessor:} 13. a3 Rac8 14. Qd3 {0-1 (44) Braak,D-Stockham,J Lansing 1989}) 13... Nxc3 14. bxc3 Rac8 {[%cal Ba8c8,Bc8c4,Bc4e4][%mdl 32]} 15. Rb1 (15. a4 $15) 15... b6 $17 16. Rb3 Rc4 17. Rd1 Qa4 18. Qe2 Rfc8 19. d5 Re4 ({Reject} 19... Rxc3 $6 20. Rxc3 Rxc3 21. dxe6 $11) 20. Be3 exd5 21. Rxd5 Bc5 22. Qd2 Rce8 23. Rd3 g6 24. h3 Bxe3 25. Rxe3 Rxe3 26. fxe3 {[%mdl 4096] Endgame KQR-KQR} Qe4 27. Kf2 Qf5+ 28. Kg1 Qe6 29. Kf2 Qf6+ 30. Kg1 Rd8 31. Qe2 Rd6 32. c4 Qa1+ 33. Kh2 Rd1 $36 {[%mdl 2048] Black has strong initiative.} 34. Rb2 h5 35. Kg3 Re1 36. Qd2 {[#]} Rxe3+ $1 {[%mdl 512]} 37. Qxe3 Qxb2 {KQ-KQ} 38. Qe8+ (38. a3 $17) 38... Kg7 $19 39. Qa4 Qe5+ 40. Kf2 Qd4+ 41. Kf1 a5 42. Qb3 h4 43. a4 f5 44. Qb5 Kh6 (44... g5 $19 45. Qxf5 Qxc4+ 46. Kg1 Qc5+ 47. Qf2 Qxf2+ 48. Kxf2 Kf6) 45. Qc6 $17 Kg5 46. Qe6 Qc5 47. Ke2 Kf4 48. Kd3 $2 {[%mdl 8192] [#]} (48. Qxg6 $17 Qxc4+ 49. Kd2) 48... g5 $19 49. Qe1 Qa3+ 50. Kd4 Qd6+ {Accuracy: White = 54%, Black = 81%.} 0-1

[Event "XLIV Sevilla Open 2019"]
[Site "Sevilla"]
[Date "2019.01.13"]
[Round "3"]
[White "Li, Xueyi"]
[Black "Del Rio De Angelis, Salvador G."]
[Result "1/2-1/2"]
[WhiteElo "2194"]
[BlackElo "2501"]
[Annotator "TA"]
[PlyCount "99"]
[EventDate "2019.01.11"]
[EventType "swiss"]
[EventCountry "ESP"]
[SourceTitle "playchess.com"]
[Source "ChessBase"]
[SourceQuality "1"]

{[%evp 21,99,17,19,0,0,0,0,-29,8,0,0,0,17,19,25,22,33,40,25,8,28,-18,-18,-27,-27,-36,-19,-29,-27,-19,-20,-17,-18,-61,-66,-50,-35,-37,-39,-156,-152,-162,-130,-128,-47,-107,-81,-111,-118,-122,-85,-85,-83,-83,-79,-79,-72,-72,-47,-44,-27,-37,-24,-23,-8,-10,0,0,0,0,0,0,0,0,0,0,0,0,0,0]} 1. d4 e6 2. c4 Nf6 3. g3 d5 4. Bg2 Be7 5. Nf3 O-O 6. O-O c6 7. Qc2 b6 8. Nbd2 Bb7 9. e4 Na6 10. a3 {E06: Closed Catalan: Early deviations} (10. e5 Nd7 11. a3 c5 12. dxc5 Naxc5 13. b4 Ne4 14. Bb2 Nxd2 15. Nxd2 Qc7 16. Rfc1 Rac8 17. Qa4 Bc6 18. Qb3 d4 19. Bxc6 Qxc6 20. Bxd4 {1-0 (53) Gledura,B (2621)-Lenderman,A (2626) Saint Louis 2018}) 10... dxc4 11. e5 Nd5 {LiveBook: 6 Games} 12. Ne4 h6 13. Qxc4 c5 $146 ({Predecessor:} 13... Nac7 14. Rd1 a5 15. Bd2 a4 16. Qc1 f5 17. exf6 Nxf6 18. Nxf6+ Bxf6 {1-0 (32) Niermann,T (2178)-Willemze,T (2409) Germany 2017}) 14. dxc5 bxc5 15. Nc3 Nxc3 16. bxc3 Qd5 17. Qg4 Qe4 18. Bf4 Qf5 19. Qxf5 exf5 20. Rfd1 {[#] Hoping for Rd7.} Rad8 21. Nh4 (21. Nd2 $5 {[%cal Rg2b7]} Bxg2 22. Kxg2 $14) 21... Bc8 {[%cal Bb7c8,Bc8e6,Be6d5,Bd5f3][%mdl 32] White must now prevent ...g5.} 22. Nf3 Nc7 23. Ne1 Be6 24. Rdb1 Rb8 25. Be3 Nd5 26. Bxd5 Bxd5 27. Rxb8 Rxb8 28. Nd3 Rc8 29. Nf4 Bf3 30. e6 {[#]} (30. Nd3 $15) 30... fxe6 $1 $17 31. Nd3 Bd5 32. Ne5 Bb3 ({Black should try} 32... Bd6 $17 33. f4 Rb8) 33. c4 (33. Rb1 $15 Bd5 34. c4) 33... a5 34. a4 Bf6 35. f4 Bxe5 36. fxe5 Bxc4 {[%mdl 4096] Endgame KRB-KRB} 37. Rc1 Bd5 38. Rxc5 Rb8 39. h4 Rb1+ 40. Kf2 Rb2+ 41. Ke1 Rb4 42. Rxa5 Re4 43. Kf2 {The position is equal.} Rxe5 44. Ra7 Re4 45. a5 Ra4 46. Bf4 g5 47. hxg5 hxg5 48. Bxg5 e5 49. Re7 Rxa5 50. Rxe5 {Accuracy: White = 53%, Black = 58%.} 1/2-1/2

[Event "XLIV Sevilla Open 2019"]
[Site "Sevilla"]
[Date "2019.01.13"]
[Round "3"]
[White "Infante Machin, Brian Jose"]
[Black "Li, Di"]
[Result "0-1"]
[WhiteElo "2186"]
[BlackElo "2488"]
[Annotator "TA"]
[PlyCount "74"]
[EventDate "2019.01.11"]
[EventType "swiss"]
[EventCountry "ESP"]
[SourceTitle "playchess.com"]
[Source "ChessBase"]
[SourceQuality "1"]

{[%evp 14,74,27,34,39,34,40,38,40,25,64,56,58,25,65,48,41,30,27,29,23,19,33,0,0,-39,-28,-16,-25,-22,0,-32,20,20,14,17,11,13,125,0,15,-177,-83,-83,-86,-84,-85,-702,-497,-629,-709,-5406,-701,-670,-609,-596,-568,-697,-682,-681,-497,-681,-654]} 1. d4 d5 2. Nf3 e6 3. g3 Nf6 4. Bg2 g6 5. O-O Bg7 6. c4 O-O 7. Nc3 Nc6 8. b3 {LiveBook: 5 Games. D77: Fianchetto Grünfeld: 6 0-0: Replies other than 6...c6} (8. Ne5 Ne7 9. Qb3 c6 10. Rd1 Nf5 11. g4 Nxg4 12. Nxg4 Qh4 13. h3 h5 14. Ne5 Nxd4 15. Rxd4 Qxd4 {0-1 (67) Ding,L (2718)-Wang,C (2485) China 2013}) 8... Ne7 9. Bb2 b6 $146 ({Predecessor:} 9... c6 10. Qc2 Qa5 11. c5 b6 12. Na4 Nd7 13. Rfc1 b5 14. Nc3 Qc7 {1-0 (24) Yagiz,Y (2283)-Topaloglu,H (1948) Antalya 2008}) 10. Ne5 {[%cal Bf3e5,Be5d3,Bd3f4][%mdl 32] White is slightly better.} Bb7 11. Rc1 a6 12. Ba3 Re8 13. e3 Nd7 14. Nd3 c6 15. Nf4 Nf5 16. Re1 Rc8 17. Qd2 a5 18. Bb2 Ba6 19. e4 Nxd4 {Hoping for ...Ne5.} 20. exd5 {Na4 is the strong threat.} Ne5 21. Re3 $1 cxd5 22. cxd5 (22. Qxd4 $2 Nf3+ $1 {[%mdl 512]} 23. Rxf3 Bxd4 $19) 22... exd5 (22... Ng4 $15 23. Ree1 e5) 23. Ncxd5 $11 Rxc1+ 24. Qxc1 Nef3+ 25. Kh1 ({Don't blunder} 25. Rxf3 $2 Nxf3+ 26. Bxf3 Bxb2 $19) 25... Bb7 {[#]} (25... Rxe3 $11 {keeps the balance.} 26. fxe3 Ne2 27. Nxe2 Qxd5 28. Bxg7 Bxe2) 26. Bxf3 (26. Qc7 $1 $16 {[%cal Rc7b7]} Bxd5 27. Nxd5) 26... Nxf3 27. Rxf3 $2 {[#]} (27. Rxe8+ $11 {and White stays safe.} Qxe8 28. Bxg7 Kxg7 29. Qc3+ {[%mdl 64] Double Attack} Ne5 30. Qc7) 27... Bxd5 (27... g5 $1 $19 {has better winning chances.} 28. Bxg7 Bxd5 29. Nxd5 Qxd5) 28. Nxd5 $17 Qxd5 29. Kg2 g5 $36 {[%cal Bg6g5,Bg5g4,Bg4f3][%mdl 2080] Black is really pushing.} 30. Bxg7 $4 {[%mdl 8192]} (30. h3 $17) 30... g4 $19 {Black is clearly winning.} ({Weaker is} 30... Kxg7 31. Qc3+ Re5 32. h3 $11) 31. Bh6 gxf3+ {[%mdl 4096] Endgame KQR-KQB} 32. Kf1 Qb5+ (32... Rd8 $142 33. Ke1 Qe4+ 34. Be3 Qd3) 33. Kg1 {[#]} Qc6 $1 {[%mdl 512] ( -> ...Qxc1+)} 34. Qg5+ (34. Qxc6 Re1#) 34... Qg6 {[%cal Re8e1]} 35. h4 Qxg5 36. Bxg5 Re1+ 37. Kh2 Re2 {Accuracy: White = 20%, Black = 37%.} 0-1

[Event "XLIV Sevilla Open 2019"]
[Site "Sevilla"]
[Date "2019.01.13"]
[Round "3"]
[White "Laliena Solanes, Luis"]
[Black "Krishna C R G"]
[Result "0-1"]
[WhiteElo "2177"]
[BlackElo "2469"]
[Annotator "TA"]
[PlyCount "102"]
[EventDate "2019.01.11"]
[EventType "swiss"]
[EventCountry "ESP"]
[SourceTitle "playchess.com"]
[Source "ChessBase"]
[SourceQuality "1"]

{[%evp 13,102,15,25,14,33,0,0,0,19,18,19,0,0,-10,39,0,23,21,23,-16,-20,-164,-137,-245,-283,-264,-263,-352,-307,-356,-364,-470,-482,-469,-484,-479,-356,-353,-364,-416,-327,-420,-420,-418,-406,-440,-392,-393,-399,-399,-399,-385,-392,-392,-392,-387,-372,-388,-387,-413,-287,-291,-283,-286,-287,-309,-310,-329,-329,-314,-298,-299,-291,-283,-278,-307,-289,-539,-537,-518,-511,-518,-510,-471,-201,-29979,-29980,-29974,-29976,-29985,-29985]} 1. e4 e6 2. d4 d5 3. Nc3 Bb4 {[%cal Bf8b4,Bb4a5,Ba5b6][%mdl 32]} 4. Nge2 Nc6 5. a3 Ba5 6. b4 Bb6 7. Bb2 {C15: French: 3 Nc3 Bb4: Unusual White 4th moves} Nge7 {LiveBook: 22 Games} 8. Na4 (8. g3 e5 9. dxe5 Nxe5 10. Bg2 Nc4 11. Bc1 a5 12. b5 O-O 13. exd5 Ng6 14. O-O Qf6 {0-1 (39) Mastrovasilis,D (2606)-Piorun,K (2676) Lublin 2016}) 8... O-O 9. Ng3 $146 {White is slightly better.} ({Predecessor:} 9. Nxb6 axb6 10. e5 Bd7 11. Ng3 Ng6 12. Qd2 Qh4 13. Bd3 Nf4 14. O-O f6 {1-0 (76) Netzer,J (2325)-Taddei,B (2340) France 2004}) 9... dxe4 {[%cal Rb6d4]} 10. Nxb6 cxb6 11. b5 Na5 12. Nxe4 Qc7 13. Qd3 Bd7 14. c4 Rac8 {[%cal Ra5c4]} (14... e5 $5) 15. Rc1 Rfd8 16. Ng5 Nf5 17. g4 (17. Be2 $11 {and White is okay.}) 17... Qf4 $19 18. Nh3 (18. gxf5 $17 {was necessary.} Qxg5 19. Qe3) 18... Qxg4 {...Rxc4! is the strong threat.} 19. Rg1 Qh4 {Hoping for ...Rxc4!} 20. Be2 Qh6 21. Rc2 {and the idea Bc1 leaves White hopeful.} Rxc4 22. Bc1 Qxc1+ 23. Rxc1 Rxc1+ 24. Kd2 Rxg1 25. Nxg1 {[#]} Nxd4 $1 {[%mdl 512]} 26. Qc3 {next Qc7 is good for White.} (26. Qxd4 Nb3+) 26... Nxb5 27. Bxb5 Bxb5+ 28. Ke1 Nc6 29. Ne2 Bxe2 30. Kxe2 {[%mdl 4096] Endgame KQ-KRN} Rd5 31. Qg3 Re5+ 32. Kf1 b5 33. Qd3 Rd5 34. Qg3 Rd1+ 35. Ke2 Rd7 36. Qc3 a5 37. Qc5 b4 38. axb4 axb4 {[%cal Ba5b4,Bb4b3][%mdl 32]} 39. Qb6 h6 40. Ke1 Nd4 41. Kd2 b3 42. Kc3 Kh7 43. Qb4 b5 {[%cal Bb7b5,Bb5b4][%mdl 32]} 44. Qc5 Rd5 45. Qc7 $2 {[#]} (45. Qb4 {was worth a try.}) 45... b4+ $1 46. Kb2 (46. Kxb4 b2) 46... Rf5 47. Qg3 Rf3 48. Qg2 f5 (48... g5 $142 {And now ...e5 would win.} 49. h3 Kg6) 49. Qg1 $2 (49. h4 $19) 49... Rc3 {Black mates.} 50. Qd1 Rc2+ 51. Kb1 Nb5 {Accuracy: White = 33%, Black = 68%.} 0-1

[Event "XLIV Sevilla Open 2019"]
[Site "Sevilla"]
[Date "2019.01.13"]
[Round "3"]
[White "Zarandieta Lopera, Jose Luis"]
[Black "Lei, Tingjie"]
[Result "0-1"]
[WhiteElo "2163"]
[BlackElo "2447"]
[Annotator "TA"]
[PlyCount "44"]
[EventDate "2019.01.11"]
[EventType "swiss"]
[EventCountry "ESP"]
[SourceTitle "playchess.com"]
[Source "ChessBase"]
[SourceQuality "1"]

{[%evp 16,44,-6,-3,0,-11,-4,-20,-23,-21,-33,-37,-26,-31,-16,-106,-80,-114,-110,-182,-181,-177,-146,-164,-104,-158,-167,-204,-203,-579,-575]} 1. d4 Nf6 2. c4 e6 3. Nc3 Bb4 4. e3 O-O 5. Bd3 d5 6. cxd5 exd5 7. Nge2 Re8 8. O-O Bd6 9. Ng3 {LiveBook: 9 Games. E48: Nimzo-Indian: Rubinstein: 5 Bd3 d5 including 6 Ne2, but excluding 6 a3} (9. Bd2 Nbd7 10. Rc1 a6 11. Ng3 Nf8 12. Nf5 Bxf5 13. Bxf5 c6 14. f3 Ne6 15. Be1 c5 16. Kh1 cxd4 17. exd4 {½-½ (52) Navara,D (2739)-Kryvoruchko,Y (2714) Chartres 2017}) 9... c6 10. f3 c5 11. Nb5 $146 {The position is equal.} ({Predecessor:} 11. Nce2 Nc6 12. Kh1 h6 13. a3 a5 14. Nf5 Bxf5 15. Bxf5 Qc7 16. Nc3 cxd4 {½-½ (30) Shariyazdanov,A (2480)-Lukacs,P (2440) Budapest 1996}) 11... Bf8 12. dxc5 Bxc5 13. Qc2 Qb6 14. b4 Bxe3+ 15. Kh1 (15. Bxe3 $11 Qxe3+ 16. Qf2) 15... Nc6 $17 16. Bxe3 Rxe3 ({Don't play} 16... Qxe3 $6 17. Nc7 $11) 17. Nd6 (17. Qd2 $17) 17... Bd7 $36 {[%mdl 2048] Black is really pushing.} ({Don't take} 17... Qxb4 18. Nxc8 Rxc8 19. Nf5 $17) 18. Bf5 Be6 19. Qd2 Ne5 ({Worse is} 19... Nxb4 20. Rfb1 $11) ({Better is} 19... g6 $19 20. Rae1 Rxe1 21. Rxe1 Ne7 22. Bxe6 Qxd6) 20. a4 (20. Rfc1 $142) 20... Rb3 21. Nb5 Nc4 22. Qg5 $2 {[#]} (22. Qf4) 22... a6 {[%mdl 64] Trapped Piece. Accuracy: White = 36%, Black = 65%.} 0-1

[Event "XLIV Sevilla Open 2019"]
[Site "Sevilla"]
[Date "2019.01.13"]
[Round "3"]
[White "Arroyo Rodriguez, Jesus"]
[Black "Das, Arghyadip"]
[Result "0-1"]
[WhiteElo "2126"]
[BlackElo "2431"]
[Annotator "TA"]
[PlyCount "70"]
[EventDate "2019.01.11"]
[EventType "swiss"]
[EventCountry "ESP"]
[SourceTitle "playchess.com"]
[Source "ChessBase"]
[SourceQuality "1"]

{[%evp 9,70,51,72,70,60,60,55,54,74,21,30,0,0,-26,-21,-20,-10,-19,-12,-19,-16,-33,-31,-46,-47,-23,-19,-18,0,-35,-33,-29,-5,-48,-50,-52,-10,-41,-29,-64,-41,-87,-76,-162,-105,-138,-134,-175,-177,-224,-207,-226,-227,-300,-327,-364,-364,-783,-789,-791,-768,-685,-533]} 1. e4 c5 2. c3 d6 3. d4 Qc7 4. Nf3 g6 (4... Bg4 5. Nbd2 Nf6 6. h3 Bh5 7. Bb5+ Nbd7 8. e5 dxe5 9. dxe5 a6 10. Ba4 Nd5 11. e6 fxe6 12. O-O {0-1 (40) Howell,D (2644)-Artemiev,V (2653) Doha 2016}) 5. Bb5+ {[%cal Bf1b5,Bb5a4,Ba4b3][%mdl 32]} Nd7 6. O-O {B22: Sicilian: 2 c3} a6 7. Ba4 $146 ({Predecessor:} 7. Bd3 Bg7 8. Be3 Ngf6 9. Nbd2 O-O 10. Rc1 b5 11. h3 Bb7 12. Nh2 {0-1 (42) Kupis,A (2420)-Rasik,V (2100) Nachod 2001}) 7... Bg7 8. Re1 {White is slightly better.} e5 9. Nbd2 (9. dxe5 $16 dxe5 10. c4) 9... b5 $11 10. Bb3 Ngf6 11. Nf1 O-O 12. Ng3 Nb6 13. h3 a5 {[%cal Ba6a5,Ba5a4][%mdl 32]} 14. Bg5 h6 15. Be3 a4 16. Bc2 Nc4 17. Bc1 cxd4 18. cxd4 Bd7 19. b3 axb3 20. Bxb3 Rfc8 21. dxe5 dxe5 22. Qe2 Be8 23. Nh2 {[%cal Bf3h2,Bh2f1,Bf1e3][%mdl 32]} Na5 {[%cal Bc4a5,Ba5c6,Bc6b4,Bb4d3,Bd3b2][%mdl 32]} 24. Bd1 Bd7 25. Nhf1 Be6 26. Bb2 {[#]} (26. Qxb5 $17 Qc3 {[%mdl 64] Double Attack} 27. Bb2 Qxe1 28. Be2) 26... Bc4 ({Black should try} 26... h5 $1 $19 27. Nd2 h4) 27. Qc2 Nc6 $36 {[%mdl 2048] Black is in control.} 28. Ne3 Nb4 29. Qc3 Nd3 30. Re2 {[#]} Bf8 $1 {[%cal Bg7f8,Bf8c5,Bc5d4][%mdl 32]} 31. a3 Bc5 {White must now prevent ...Bd4.} 32. Nxc4 bxc4 33. Kf1 $2 (33. Qc2) 33... Bd4 $19 {Black is clearly winning.} 34. Qd2 Nxb2 35. Qxh6 Qe7 {Accuracy: White = 27%, Black = 44%.} 0-1